000 00642nam a2200241Ia 4500
005 20260121112947.0
008 10183 260114s9999 xx 000 0 eng d
020 _a9789812830890
037 _aEBOOK
040 _aCRL
_beng
_cCRL
041 _aeng
_2eng
084 _qCRL
100 _aChen Reuven Et Al
_9965988
245 0 _aTheory of Thermoluminescence and Related Phenomena
260 _bWorld Scientific
260 _bWSPC
260 _c1997
650 _aPhysics
_9965989
856 _uhttps://www.worldscientific.com/worldscibooks/10.1142/2781#t=toc
942 _cEBOOK
999 _c1547483
_d1547483